बाल साहित्य : (Record no. 112277)
[ view plain ]
| 000 -LEADER | |
|---|---|
| fixed length control field | 01187nam a22002657a 4500 |
| 005 - DATE AND TIME OF LATEST TRANSACTION | |
| control field | 20170124102936.0 |
| 010 ## - LIBRARY OF CONGRESS CONTROL NUMBER | |
| LC control number | A-736723 |
| 020 ## - INTERNATIONAL STANDARD BOOK NUMBER | |
| Terms of availability | 125.00 |
| 035 ## - SYSTEM CONTROL NUMBER | |
| System control number | A-736723 |
| 037 ## - SOURCE OF ACQUISITION | |
| Source of stock number/acquisition | Cen Lib/Ret |
| 040 ## - CATALOGING SOURCE | |
| Original cataloging agency | DPL |
| Language of cataloging | HN |
| 082 ## - DEWEY DECIMAL CLASSIFICATION NUMBER | |
| Classification number | 809.89282 |
| Item number | जयप्र |
| 100 ## - MAIN ENTRY--PERSONAL NAME | |
| Personal name | जयप्रकाश भारती |
| 9 (RLIN) | 105750 |
| 245 ## - TITLE STATEMENT | |
| Title | बाल साहित्य : |
| Statement of responsibility, etc | जयप्रकाश भारती |
| Remainder of title | इक्कीसवी सदी में / |
| 246 ## - VARYING FORM OF TITLE | |
| Title proper/short title | Baal sahtiya : ekkisvee sadi main / |
| Remainder of title | by Jayprakash Bharti |
| 260 ## - PUBLICATION, DISTRIBUTION, ETC. (IMPRINT) | |
| Place of publication, distribution, etc | दिल्ली |
| Name of publisher, distributor, etc | अभिरुचि प्रकाशन |
| Date of publication, distribution, etc | 1995 |
| 270 ## - ADDRESS | |
| City | दिल्ली |
| Address | ३/११४, कर्ण गली, विश्वास नगर, शाहदरा |
| Postal code | 110032 |
| 300 ## - PHYSICAL DESCRIPTION | |
| Extent | 158पृ. |
| Dimensions | 19सेमी(सजिल्द ) |
| 500 ## - GENERAL NOTE | |
| General note | सन्दर्भ शामिल |
| 650 ## - SUBJECT ADDED ENTRY--TOPICAL TERM | |
| Topical term or geographic name as entry element | हिंदी साहित्य |
| General subdivision | |
| 9 (RLIN) | 105751 |
| 650 ## - SUBJECT ADDED ENTRY--TOPICAL TERM | |
| Topical term or geographic name as entry element | हिंदी बाल साहित्य |
| 9 (RLIN) | 258 |
| 650 ## - SUBJECT ADDED ENTRY--TOPICAL TERM | |
| Topical term or geographic name as entry element | Hindi children's literature |
| 9 (RLIN) | 105752 |
| 650 ## - SUBJECT ADDED ENTRY--TOPICAL TERM | |
| Topical term or geographic name as entry element | Hindi langugage |
| 9 (RLIN) | 105753 |
| 942 ## - ADDED ENTRY ELEMENTS (KOHA) | |
| Source of classification or shelving scheme | Dewey Decimal Classification |
| Koha item type | Hindi Books |
| Classification part | 809.89282 |
| Call number suffix | जयप्र |
| Withdrawn status | Lost status | Damaged status | Not for loan | Home library | Current library | Date acquired | Source of acquisition | Cost, normal purchase price | Total Checkouts | Total Renewals | Full call number | Barcode | Date last seen | Date checked out | Copy number | Cost, replacement price | Price effective from | Koha item type |
|---|---|---|---|---|---|---|---|---|---|---|---|---|---|---|---|---|---|---|
| Central Library | Central Library | 07/08/2015 | Cen Lib/Ret | 125.00 | 1 | 2 | 809.89282 जयप्र | A-736723 | 11/04/2023 | 06/03/2023 | 1 | 125.00 | 07/08/2015 | Hindi Books |
